Statistics for Formula 2 Drivers 2022

Click here to take the quiz!

General Stats

  • This quiz has been taken 25 times
  • The average score is 14 of 22

Answer Stats

TeamCarAnswer% Correct
Prema Racing2Jehan Daruvala
91%
MP Motorsport11Felipe Drugovich
87%
Hitech Grand Prix8Juri Vips
87%
Prema Racing1Dennis Hauger
83%
Charouz Racing System23Enzo Fittipaldi
74%
Carlin5Liam Lawson
74%
Virtuosi Racing4Marino Sato
70%
ART Grand Prix10Theo Pourchaire
70%
MP Motorsport12Clement Novalak
65%
ART Grand Prix9Frederik Vesti
65%
Carlin6Logan Sargeant
65%
Hitech Grand Prix7Marcus Armstrong
65%
Virtuosi Racing3Jack Doohan
61%
DAMS16Roy Nissany
61%
DAMS17Ayumu Iwasa
57%
Trident20Richard Verschoor
57%
Campos Racing15Ralph Boschung
52%
Charouz Racing System22Cem Bolukbasi
43%
Van Amersfoort Racing24Jake Hughes
43%
Van Amersfoort Racing25Amaury Cordeel
39%
Trident21Calan Williams
39%
Campos Racing14Olli Caldwell
39%

Score Distribution

Percentile by Number Answered

Percent of People with Each Score

Your Score History

You have not taken this quiz